<?xml version="1.0" encoding="UTF-8"?>
<collection xmlns="http://www.loc.gov/MARC21/slim">
 <record>
  <leader>03823nam a22002897a 4500</leader>
  <controlfield tag="001">NCT_145104</controlfield>
  <controlfield tag="008">171202b        xxu||||| |||| 00| 0 vie d</controlfield>
  <datafield tag="999" ind1=" " ind2=" ">
   <subfield code="c">7474</subfield>
   <subfield code="d">7474</subfield>
  </datafield>
  <datafield tag="020" ind1=" " ind2=" ">
   <subfield code="a">9786040308504</subfield>
   <subfield code="c">90000</subfield>
  </datafield>
  <datafield tag="082" ind1="0" ind2="4">
   <subfield code="2">23rd ed.</subfield>
   <subfield code="a">909</subfield>
   <subfield code="b">N312</subfield>
  </datafield>
  <datafield tag="100" ind1="1" ind2=" ">
   <subfield code="a">Vũ Dương Ninh</subfield>
   <subfield code="e">Chủ biên</subfield>
  </datafield>
  <datafield tag="245" ind1="1" ind2="0">
   <subfield code="a">Lịch sử văn minh thế giới</subfield>
   <subfield code="c">Vũ Dương Ninh (chủ biên), Nguyễn Gia Phu, Nguyễn Quốc Hùng, Đinh Ngọc Bảo</subfield>
  </datafield>
  <datafield tag="250" ind1=" " ind2=" ">
   <subfield code="a">Tái bản lần thứ 22</subfield>
  </datafield>
  <datafield tag="260" ind1=" " ind2=" ">
   <subfield code="a">H.</subfield>
   <subfield code="b">Giáo dục Việt Nam</subfield>
   <subfield code="c">2022</subfield>
  </datafield>
  <datafield tag="300" ind1=" " ind2=" ">
   <subfield code="a">383 tr.</subfield>
   <subfield code="b">Ảnh màu</subfield>
   <subfield code="c">21 cm</subfield>
  </datafield>
  <datafield tag="520" ind1="3" ind2=" ">
   <subfield code="a">Giao tiếp là điều kiện tồn tại của con người, là yếu tố quyết định sự hình thành và phát triển của mỗi cá nhân. Nhờ có giao tiếp mà các đặc trưng xã hội của con người được hình thành, cá nhân lĩnh hội được những kinh nghiệm xã hội lịch sử, chuyển hóa thành những kinh nghiệm riêng của cá nhân, thành phẩm chất và năng lực của chính mình để tham gia vào các hoạt động xã hội. Ở Việt Nam, trước đây việc đào tạo kỹ năng mềm nói chung và kỹ g giao tiếp nói tiên đã năng nói riêng chưa được chú trọng. Việc đào tạo trong các trường học đại học, cao đẳng và trung cấp chuyên nghiệp vẫn nặng về kiến thức chuyên môn, dẫn đến học sinh khi ra trường được trang bị nhiều kiến thức chuyên môn, nhưng kỹ năng giao tiếp và các kỹ năng làm việc cụ thể lại rất hạn chế. Cuốn sách Kỹ năng giao tiếp được biên soạn dựa theo chương trình khung do Bộ Giáo dục và Đào tạo ban hành sẽ cung cấp những kiến thức lý luận và thực tiễn về vấn đề giao tiếp trong cuộc sống nói chung và trong hoạt động nghề nghiệp nói riêng. Để thực hiện được mục tiêu đã đặt ra, cuốn sách được thiết kế gồm có ba chương sau: Chương 1: Lý luận chung về kỹ năng giao tiếp Chương 2: Một số kỹ năng giao tiếp Chương 3: Kỹ năng giao tiếp trong tìm kiếm việc làm và tại nơi làm việc. Trong cuốn sách này, các tác giả đã cố gắng trình bày một cách có hệ thống phần lý thuyết và sau mỗi chương đều đưa ra hệ thống câu hỏi ôn tập và thảo luận, thực hành của chương.</subfield>
  </datafield>
  <datafield tag="653" ind1=" " ind2=" ">
   <subfield code="a">Khoa học cơ bản</subfield>
  </datafield>
  <datafield tag="700" ind1="1" ind2=" ">
   <subfield code="a">Nguyễn Gia Phu</subfield>
  </datafield>
  <datafield tag="700" ind1="1" ind2=" ">
   <subfield code="a">Nguyễn Quốc Hùng</subfield>
  </datafield>
  <datafield tag="700" ind1="1" ind2=" ">
   <subfield code="a">Đinh Ngọc Bảo</subfield>
  </datafield>
  <datafield tag="942" ind1=" " ind2=" ">
   <subfield code="2">ddc</subfield>
   <subfield code="c">BK</subfield>
  </datafield>
  <datafield tag="952" ind1=" " ind2=" ">
   <subfield code="0">0</subfield>
   <subfield code="1">0</subfield>
   <subfield code="2">ddc</subfield>
   <subfield code="4">0</subfield>
   <subfield code="6">909_000000000000000_N312</subfield>
   <subfield code="7">0</subfield>
   <subfield code="9">26861</subfield>
   <subfield code="a">000001</subfield>
   <subfield code="b">000001</subfield>
   <subfield code="d">2023-03-25</subfield>
   <subfield code="o">909 N312</subfield>
   <subfield code="p">MD.21312</subfield>
   <subfield code="r">2023-03-25</subfield>
   <subfield code="v">90000.00</subfield>
   <subfield code="w">2023-03-25</subfield>
   <subfield code="y">BK</subfield>
  </datafield>
  <datafield tag="952" ind1=" " ind2=" ">
   <subfield code="0">0</subfield>
   <subfield code="1">0</subfield>
   <subfield code="2">ddc</subfield>
   <subfield code="4">0</subfield>
   <subfield code="6">909_000000000000000_N312</subfield>
   <subfield code="7">0</subfield>
   <subfield code="9">26862</subfield>
   <subfield code="a">000001</subfield>
   <subfield code="b">000001</subfield>
   <subfield code="d">2023-03-25</subfield>
   <subfield code="o">909 N312</subfield>
   <subfield code="p">MD.21313</subfield>
   <subfield code="r">2023-03-25</subfield>
   <subfield code="v">90000.00</subfield>
   <subfield code="w">2023-03-25</subfield>
   <subfield code="y">BK</subfield>
  </datafield>
  <datafield tag="952" ind1=" " ind2=" ">
   <subfield code="0">0</subfield>
   <subfield code="1">0</subfield>
   <subfield code="2">ddc</subfield>
   <subfield code="4">0</subfield>
   <subfield code="6">909_000000000000000_N312</subfield>
   <subfield code="7">0</subfield>
   <subfield code="9">26863</subfield>
   <subfield code="a">000001</subfield>
   <subfield code="b">000001</subfield>
   <subfield code="d">2023-03-25</subfield>
   <subfield code="o">909 N312</subfield>
   <subfield code="p">MD.21314</subfield>
   <subfield code="r">2023-03-25</subfield>
   <subfield code="v">90000.00</subfield>
   <subfield code="w">2023-03-25</subfield>
   <subfield code="y">BK</subfield>
  </datafield>
  <datafield tag="952" ind1=" " ind2=" ">
   <subfield code="0">0</subfield>
   <subfield code="1">0</subfield>
   <subfield code="2">ddc</subfield>
   <subfield code="4">0</subfield>
   <subfield code="6">909_000000000000000_N312</subfield>
   <subfield code="7">0</subfield>
   <subfield code="9">26864</subfield>
   <subfield code="a">000001</subfield>
   <subfield code="b">000001</subfield>
   <subfield code="d">2023-03-25</subfield>
   <subfield code="o">909 N312</subfield>
   <subfield code="p">MD.21315</subfield>
   <subfield code="r">2023-03-25</subfield>
   <subfield code="v">90000.00</subfield>
   <subfield code="w">2023-03-25</subfield>
   <subfield code="y">BK</subfield>
  </datafield>
  <datafield tag="952" ind1=" " ind2=" ">
   <subfield code="0">0</subfield>
   <subfield code="1">0</subfield>
   <subfield code="2">ddc</subfield>
   <subfield code="4">0</subfield>
   <subfield code="6">909_000000000000000_N312</subfield>
   <subfield code="7">0</subfield>
   <subfield code="9">26865</subfield>
   <subfield code="a">000001</subfield>
   <subfield code="b">000001</subfield>
   <subfield code="d">2023-03-25</subfield>
   <subfield code="o">909 N312</subfield>
   <subfield code="p">MD.21316</subfield>
   <subfield code="r">2023-03-25</subfield>
   <subfield code="v">90000.00</subfield>
   <subfield code="w">2023-03-25</subfield>
   <subfield code="y">BK</subfield>
  </datafield>
  <datafield tag="980" ind1=" " ind2=" ">
   <subfield code="a">Thư viện Trường Đại học Nam Cần Thơ</subfield>
  </datafield>
 </record>
</collection>
